Medzinárodné hospodárske vzťahy v kapitalizme MOKŠ - vybrané kapitoly

Salvato in:
Dettagli Bibliografici
Autore principale: Balhar, Víťazoslav
Ente Autore: Vysoká škola ekonomická v Bratislave. Obchodná fakulta
Altri autori: Čabelková, Annemaria, Kosír, Igor
Natura: Libro
Lingua:slovacco
Pubblicazione: Bratislava Vysoká škola ekonomická 1987
Edizione:1. vyd.
Tags: Aggiungi Tag
Nessun Tag, puoi essere il primo ad aggiungerne!!

MARC

LEADER 00000nam a2200000 4500
001 c030517
005 20230116104637.8
041 0 |a slo 
044 |a SK 
245 1 0 |a Medzinárodné hospodárske vzťahy v kapitalizme  |b MOKŠ - vybrané kapitoly  |c Víťazoslav Balhar, Annemaria Čabelková, Igor Kosír 
250 |a 1. vyd. 
264 1 |a Bratislava  |b Vysoká škola ekonomická  |c 1987 
300 |a 147 s. 
100 1 |a Balhar, Víťazoslav 
700 1 |a Čabelková, Annemaria 
700 1 |a Kosír, Igor 
710 2 |a Vysoká škola ekonomická v Bratislave. Obchodná fakulta